000 00540nam a2200181Ia 4500
008 090124s9999 xx 000 0 und d
082 _b10439
100 _aपंडित गौतम
245 _a समुद्रपक्षी
250 _a1
260 _bनिशांत प्रकाशन
_c1978
300 _a214
600 _aपंडित गौतम
630 _a समुद्रपक्षी
700 _aपंडित गौतम
730 _a समुद्रपक्षी
942 _cBOOK
999 _c85114
_d85114